000 00600nam a2200193 a 4500
001 000997704
003 AM-YeHGA
005 20250617150412.0
008 131226s1932 ||| r 000 0 rus d
040 _aAM-YeHGA
041 0 _arus
100 1 _aШухов, Иван
245 1 0 _aНенависть /
_cИван Шухов; Грав. на дереве Б. Гутентог.
260 _aМосква :
_bФедерация,
_c1932.
300 _a471 с. :
_bпортр.
653 0 _aСоветская литература
700 1 _aГутентог, Б.
_eил.
_4ill
090 _c331987
999 _c330229
_d330229